000 00794cab a2200217 4500
001 WB3010-27
008 090401t1994 xxu||||| |||| 00| 0 eng d
035 _a(Sirsi) u81763
041 _aeng
245 _aCommerce parks
260 _c1994
350 _a0
490 _aArchitects` Journal
_v199(10) 9 March 1994, 6(1)
520 _aCommercial developer Stanhope has launched a new type of commercial property development called a `commerce park` which is designed to bridge the gap between traditional business parks, devoted largely to offices, and industrial parks, which support traditional manufacturing.
650 _aBUSINESS PARKS
650 _aCOMMERCE PARKS
650 _aINDUSTRIAL PARKS
690 _aPROPERTY-PROPERTY DEVELOPMENT
942 _n0
948 _c04/03/1997
999 _c51549
_d51549